| 000 | 00541nam a22001817a 4500 | ||
|---|---|---|---|
| 999 |
_c16389 _d16389 |
||
| 003 | AR-CdUCM | ||
| 008 | 190503b ||||| |||| 00| 0 spa d | ||
| 040 |
_aMUNICIPALIDAD PROVINCIAL DEL CUSCO _cBIBLIOTECA MUNICIPAL DEL CUSCO |
||
| 082 |
_a868.6 / _bA74 |
||
| 100 |
_aArinches, Carlos _935811 |
||
| 245 |
_aLa señorita de trevelez : _bes mi hombre / |
||
| 260 |
_aEspaña : _bSavat, _c1969. |
||
| 300 |
_a189 páginas ; _c18 cm. |
||
| 505 | _aotras teatrales. | ||
| 650 |
_aObras teatrales. _935812 |
||
| 942 |
_2ddc _cLIBROS |
||
| 945 | _awfj | ||